000 01043nam a22002777a 4500
001 02894
003 HDC
007 cr bn ---
008 201223b20082008my ||||| |||| 00| 0 may d
040 _aHDC
100 _aSiti Norjihan Rusiman
_eauthor
_91286
245 0 _aSiti Norjihan Rusiman
_b: FSKSM 2008 CHAP1
_c/ Siti Norjihan Rusiman
260 _aMalaysia:
_bFaculty Of Computer Science & Information System, UTM,
_c2008
300 _a7 pages
_bcolour illustrations
336 _atext
_2rdacontent
337 _acomputer
_2rdamedia
338 _aonline resources
_2rdacarrier
500 _aOriginally presented as: Thesis: Universiti Teknologi Malaysia, 2008
650 _aAgriculture and state
_zMalaysia
_91288
650 _aAgriculture
_zMalaysia
_91289
650 _aFarm management
_zMalaysia
_91287
856 _zRequest full-text at [email protected]
942 _2lcc
942 _cTHE
942 _kTHES 000101
999 _c280
_d280